• 首页
  • 本馆介绍
  • 公告通知
  • 最新文献
  • 馆藏检索
  • 电子资源
  • 读者导购
  • 参考咨询
  • 我的图书馆
  • 登录
  • 详细信息显示
  • 放入我的书架
  • 预约/预借图书
  • 作者相关作品
  • 分类相关作品
  • 丛书相关作品
  • 出版社相关作品

书目信息

  • 表格格式
  • 工作单格式
  • 卡片格式
题名:
消费者态度忠诚对转换意愿的影响机制研究
    
 
作者: 汪蓉 著
分册:  
出版信息: 北京   人民日报出版社  2017
页数: 188页
开本: 24cm
丛书名: 人民日报学术文库
单 册:
中图分类: F632.5
科图分类:
主题词: 移动通信--市场营销学--研究--中国
电子资源:
ISBN: 978-7-5115-4799-6
000 01120oam2 2200277 450
001 012001005118
005 20141007153541.0
010    @a978-7-5115-4799-6@b精装@dCNY68.00
100    @a20171222d2017 em y0chiy50 ea
101 0  @achi
102    @aCN@b110000
105    @ay az 000yy
106    @ar
200 1  @a消费者态度忠诚对转换意愿的影响机制研究@9xiao fei zhe tai du zhong cheng dui zhuan huan yi yuan de ying xiang ji zhi yan jiu@e基于我国移动通信市场捆绑销售案例的实证分析@f汪蓉著
210    @a北京@c人民日报出版社@d2017
215    @a188页@d24cm
225 1  @a人民日报学术文库
314    @a汪蓉 (1981-),女,湖南常德人,北京联合大学商务学院讲师,中国人民大学市场营销博士,主要从事品牌营销、消费者行为等研究。
320    @a有书目(第155-181页)
330    @a本书以我国运营商推出iPhone合约机这一捆绑营销活动作为现实背景,结合理性行为理论深入分析顾客忠诚和顾客转换之间的内在作用机理。
461  0 @12001 @a人民日报学术文库
606 0  @a移动通信@x市场营销学@x研究@y中国
690    @aF632.5@v5
701  0 @a汪蓉@9wang rong@f(1981-)@4著
801  0 @aCN@b上海新华@c20180901
905    @b1172713-7@dF632.5@e16@f5
    
    消费者态度忠诚对转换意愿的影响机制研究:基于我国移动通信市场捆绑销售案例的实证分析/汪蓉著.-北京:人民日报出版社,2017
    188页;24cm.-(人民日报学术文库)
    
    
    ISBN 978-7-5115-4799-6(精装):CNY68.00
    本书以我国运营商推出iPhone合约机这一捆绑营销活动作为现实背景,结合理性行为理论深入分析顾客忠诚和顾客转换之间的内在作用机理。
●
相关链接 在E读中查询图书 在五车中查询图书 在当当中查询图书 在豆瓣中查询图书


正题名:消费者态度忠诚对转换意愿的影响机制研究     索取号:F632.5/16         预约/预借

序号 登录号 条形码 馆藏地/架位号 状态 备注
1 1172713   211727130   第一样本阅览室/ [索取号:F632.5/16] 在馆    
2 1172714   211727149   第一借阅区/ [索取号:F632.5/16] 在馆    
3 1172715   211727158   第一借阅区/ [索取号:F632.5/16] 在馆    
4 1172716   211727167   第一借阅区/ [索取号:F632.5/16] 在馆    
5 1172717   211727176   密集书库-海洋学院/ [索取号:F632.5/16] 在馆    
唐山师范学院图书馆 欢迎您!
大连网信软件有限公司© 版权所有